Hypotéky v ČR - trocha praktické teorie

Stručná história českého bankovníctva v oblasti hypotekárnych úverov. Renesancia hypotekárneho bankovníctva až po r. 1990. Refinancovanie hypotekárnych úverov hypotekárnymi záložnými listami. Úverové postupy pri nehnuteľnostiach. Rekonštrukcia hypotekárneho bankovníctva. Centralizácia a decentralizá...

Descrizione completa

Salvato in:
Dettagli Bibliografici
Autore principale: Pavelka, František
Natura: Capitolo di libro
Lingua:ceco
Soggetti:
Tags: Aggiungi Tag
Nessun Tag, puoi essere il primo ad aggiungerne!!

MARC

LEADER 00000naa a2200000 4500
001 r021824
005 20230922091957.0
041 0 |a cze 
044 |a CZ 
245 1 0 |a Hypotéky v ČR - trocha praktické teorie  |c František Pavelka 
520 |a Stručná história českého bankovníctva v oblasti hypotekárnych úverov. Renesancia hypotekárneho bankovníctva až po r. 1990. Refinancovanie hypotekárnych úverov hypotekárnymi záložnými listami. Úverové postupy pri nehnuteľnostiach. Rekonštrukcia hypotekárneho bankovníctva. Centralizácia a decentralizácia v hypotekárnom bankovníctve. 
610 2 0 |a hypotéky 
610 2 0 |a úver hypotekárny 
610 2 0 |a Česko 
610 2 0 |a história 
610 2 0 |a bankovníctvo 
610 2 0 |a listy záložné 
100 1 |a Pavelka, František